Cyclisme 2024 Masculin : Top 3 des grandes courses - Statistiques

Statistiques générales
  • Ce quiz a été pris 259 fois
  • Le résultat moyen est 42 sur 63
Statistiques - réponses
Course Numéro 1 % Correct
Numéro 2 Jonas Vingegaard
100%
Tirreno-Adriatico Jonas Vingegaard
100%
Tour de France Tadej Pogacar
100%
Tour d'Italie Tadej Pogacar
100%
Numéro 3 Tadej Pogacar
100%
Liège-Bastogne-Liège Tadej Pogacar
100%
Tour de Lombardie Tadej Pogacar
100%
Championnat du monde en ligne Tadej Pogacar
100%
Grand Prix de Montréal Tadej Pogacar
100%
Strade Bianche Tadej Pogacar
100%
Tour de Catalogne Tadej Pogacar
100%
Tour des Flandres Mathieu Van der Poel
97%
Paris-Roubaix Mathieu Van der Poel
97%
Numéro 3 Mathieu Van der Poel
97%
Numéro 3 Mathieu Van der Poel
97%
Numéro 2 Mathieu Van der Poel
97%
Numéro 3 Remco Evenepoel
96%
Numéro 2 Remco Evenepoel
96%
Championnat du monde de contre la montre Remco Evenepoel
96%
Course en Ligne JO Remco Evenepoel
96%
Contre-la-montre individuel JO Remco Evenepoel
96%
Numéro 2 Remco Evenepoel
96%
Tour d'Espagne Primoz Roglic
93%
Critérium du Dauphiné Primoz Roglic
93%
Numéro 3 Wout Van Aert
90%
Milan-San Remo Jasper Philipsen
85%
Numéro 2 Jasper Philipsen
85%
Numéro 3 Christophe Laporte
82%
Numéro 2 Valentin Madouas
82%
Numéro 2 Filippo Ganna
80%
Numéro 2 Filippo Ganna
80%
Paris-Nice Matteo Jorgenson
75%
Numéro 2 Matteo Jorgenson
75%
Numéro 2 Ben O'Connor
74%
Numéro 2 Ben O'Connor
74%
Numéro 3 Enric Mas
69%
Numéro 3 Mads Pedersen
69%
Gand-Wevelgem Mads Pedersen
69%
Numéro 3 Geraint Thomas
61%
Numéro 2 Romain Bardet
61%
Numéro 2 Joao Almeida
60%
Tour de Suisse Adam Yates
59%
Numéro 2 Daniel Martinez
56%
Numéro 2 Michael Matthews
55%
Numéro 2 Juan Ayuso
54%
Numéro 3 Julian Alaphilippe
38%
Tour de Romandie Carlos Rodriguez
35%
Numéro 2 Aleksandr Vlasov
30%
Numéro 2 Mikel Landa
29%
Numéro 3 Jai Hindley
28%
Numéro 3 Edoardo Affini
25%
Numéro 3 Egan Bernal
25%
Numéro 3 Giulio Ciccone
25%
Numéro 3 Mattias Skjelmose
25%
Numéro 2 Luca Mozzato
24%
Numéro 3 Brandon McNulty
21%
Numéro 3 Maxim Van Gils
19%
Numéro 3 Nils Politt
19%
Numéro 3 Florian Lipowitz
17%
Numéro 2 Pello Bilbao
17%
Numéro 3 Derek Gee
16%
Numéro 2 Toms Skujins
15%
Numéro 3 Jordi Meeus
5%
Aucun quiz correspondant
Distribution des résultats
% des personnes avec chaque résultat
Percentile par nombre de réponses
Votre historique - résultats
Vous n’avez pas pris ce quiz